Tuyển tập thơ

Giới thiệu các tập thơ của Tế Hanh: Hoa niên, tìm lại, Lòng miền Nam, tiếng Sóng, Hai nửa yêu thương, Khúc ca mới, Đi suốt bài ca, Câu chuyện quê hương, Theo nhịp tháng ngày, Con đường và dòng sông, Bài ca sự sống, và một số bài thơ chưa in...

Popoln opis

Shranjeno v:
Bibliografske podrobnosti
Glavni avtor: Tế Hanh
Format: Knjiga
Jezik:Undetermined
Izdano: Hà Nội Văn Học 1997
Teme:
Oznake: Označite
Brez oznak, prvi označite!
Thư viện lưu trữ: Trung tâm Học liệu Trường Đại học Cần Thơ
LEADER 00959nam a2200229Ia 4500
001 CTU_22435
008 210402s9999 xx 000 0 und d
020 |b 45,000đ 
020 |c 45000 
082 |a 895.9221008 
082 |b T250 
100 |a Tế Hanh 
245 0 |a Tuyển tập thơ 
245 0 |c Tế Hanh 
260 |a Hà Nội 
260 |b Văn Học 
260 |c 1997 
520 |a Giới thiệu các tập thơ của Tế Hanh: Hoa niên, tìm lại, Lòng miền Nam, tiếng Sóng, Hai nửa yêu thương, Khúc ca mới, Đi suốt bài ca, Câu chuyện quê hương, Theo nhịp tháng ngày, Con đường và dòng sông, Bài ca sự sống, và một số bài thơ chưa in thành tập 
650 |a Vietnamese poetry,Vietnamese poetry 
650 |y 1930-1945,20th century 
904 |i Minh 
980 |a Trung tâm Học liệu Trường Đại học Cần Thơ